[Event "FIDE Olympiad Disabilties 2020"]
[Site "Online"]
[Date "2020.11.21"]
[Round "3.8"]
[White "Draganov, Ruslan"]
[Black "Lopez, Henry"]
[Result "0-1"]
[WhiteElo "2157"]
[BlackElo "2107"]
[Annotator "TA"]
[PlyCount "74"]
[EventDate "2020.11.21"]
[EventType "team-tourn"]
[EventCountry "NET"]
[SourceTitle "playchess.com"]
[Source "ChessBase"]
[SourceQuality "1"]
[WhiteTeam "Russia"]
[BlackTeam "Philippines"]
[WhiteTeamCountry "RUS"]
[BlackTeamCountry "PHI"]

1. e4 c5 2. Nf3 d6 3. d4 cxd4 4. Nxd4 Nf6 5. Nc3 a6 6. g3 e5 7. Nde2 b5 8. a3 Bb7 9. Bg2 Nbd7 10. O-O Be7 11. Bg5 O-O 12. Qd2 h6 13. Bxf6 Nxf6 14. Rad1 Rc8 15. Nd5 Nxd5 16. exd5 Qb6 17. Kh1 f5 18. c3 Rf6 19. Nc1 a5 20. Nd3 g5 21. Nc1 f4 22. Be4 f3 23. Qe3 Qxe3 24. fxe3 g4 25. Nd3 h5 26. Kg1 Bd8 27. Kf2 Rc4 28. b3 Rxe4 29. Ne1 Bb6 30. Nc2 a4 31. Rb1 axb3 32. Rxb3 Bxd5 33. Rxb5 Bc5 34. Rfb1 Bc6 35. Rb8+ Rf8 36. Rxf8+ Kxf8 37. Re1 Rc4 0-1

[Event "FIDE Olympiad Disabilties 2020"]
[Site "Online"]
[Date "2020.11.21"]
[Round "3.8"]
[White "Bernardo, Darry"]
[Black "Pakhomov, Alexey"]
[Result "1-0"]
[WhiteElo "2114"]
[BlackElo "2315"]
[Annotator "RC"]
[PlyCount "43"]
[EventDate "2020.11.21"]
[EventType "team-tourn"]
[EventCountry "NET"]
[SourceTitle "playchess.com"]
[Source "ChessBase"]
[SourceQuality "1"]
[WhiteTeam "Philippines"]
[BlackTeam "Russia"]
[WhiteTeamCountry "PHI"]
[BlackTeamCountry "RUS"]

1. e4 c6 2. d4 d5 3. Nc3 dxe4 4. Nxe4 Bf5 5. Ng3 Bg6 6. h4 h6 7. Nh3 Nf6 8. Nf4 Bh7 9. Bd3 Qxd4 10. Be3 Qd6 11. Qe2 Bxd3 12. Nxd3 Nbd7 13. O-O-O Qd5 14. Kb1 Qb5 15. a4 Qa6 16. Rd2 e6 17. Rhd1 Be7 18. Nh5 Nxh5 19. Qxh5 Nf6 20. Qe5 O-O-O 21. Nc5 Bxc5 22. Bf4 1-0

[Event "FIDE Olympiad Disabilties 2020"]
[Site "Online"]
[Date "2020.11.21"]
[Round "3.8"]
[White "Taranenko, Polina"]
[Black "Mendoza, Cheyzer Crystal J."]
[Result "1-0"]
[WhiteElo "1445"]
[BlackElo "1639"]
[Annotator "NA"]
[PlyCount "97"]
[EventDate "2020.11.21"]
[EventType "team-tourn"]
[EventCountry "NET"]
[SourceTitle "playchess.com"]
[Source "ChessBase"]
[SourceQuality "1"]
[WhiteTeam "Russia"]
[BlackTeam "Philippines"]
[WhiteTeamCountry "RUS"]
[BlackTeamCountry "PHI"]

1. d4 Nf6 2. c4 g6 3. Nf3 Bg7 4. Nc3 d6 5. e4 O-O 6. Be2 c6 7. O-O Re8 8. h3 Nfd7 9. Bg5 Qc7 10. Rc1 e5 11. d5 Nf6 12. Qd2 a6 13. dxc6 Qxc6 14. Bxf6 Bxf6 15. Rfd1 Be6 16. Qxd6 Qxd6 17. Rxd6 Nc6 18. Nd5 Be7 19. Nxe7+ Rxe7 20. a3 h6 21. b4 f6 22. c5 Kf7 23. Bc4 Bxc4 24. Rxc4 Rc8 25. Rc1 Rec7 26. Rcd1 Re7 27. Nd2 Nd4 28. Nc4 Rcc7 29. Kh1 Re6 30. Rd8 f5 31. Nd6+ Kg7 32. exf5 gxf5 33. Ne8+ Rxe8 34. Rxe8 Kf6 35. f4 Nc6 36. fxe5+ Kf7 37. Rh8 Kg7 38. Re8 Kf7 39. Ra8 Nxe5 40. Rd5 Nc4 41. Rxf5+ Kg6 42. Rf3 a5 43. Rg8+ Kh7 44. Rff8 a4 45. Rh8+ Kg6 46. Rfg8+ Kf5 47. Rg3 Kf4 48. Rg4+ Ke3 49. Rxc4 1-0

[Event "FIDE Olympiad Disabilties 2020"]
[Site "Online"]
[Date "2020.11.21"]
[Round "3.9"]
[White "Kozhabekov, Adilkhan"]
[Black "Ostry, Irina"]
[Result "0-1"]
[WhiteElo "2080"]
[BlackElo "2147"]
[Annotator "TA"]
[PlyCount "88"]
[EventDate "2020.11.21"]
[EventType "team-tourn"]
[EventCountry "NET"]
[SourceTitle "playchess.com"]
[Source "ChessBase"]
[SourceQuality "1"]
[WhiteTeam "Kazakhstan"]
[BlackTeam "Kyrgyzstan"]
[WhiteTeamCountry "KAZ"]
[BlackTeamCountry "KGZ"]

1. e4 c5 2. Nc3 e6 3. Nf3 Nc6 4. Bb5 Qc7 5. O-O Nge7 6. a4 a6 7. Bc4 Ne5 8. Nxe5 Qxe5 9. d3 Nc6 10. Be3 Nd4 11. f4 Qc7 12. Rf2 b6 13. Ne2 Nxe2+ 14. Qxe2 Bb7 15. c3 Be7 16. Qg4 g6 17. f5 gxf5 18. exf5 O-O-O 19. Qh5 d5 20. Ba2 Bd6 21. fxe6 fxe6 22. Raf1 Qc6 23. d4 Qxa4 24. Bb1 Qe8 25. Qh3 Kb8 26. Bg5 Rd7 27. Re1 cxd4 28. cxd4 e5 29. Bf6 Rf8 30. Bxe5 Bxe5 31. Rxe5 Re7 32. Rxf8 Qxf8 33. Qe3 Rxe5 34. Qxe5+ Ka7 35. Bxh7 Qh6 36. Bg8 Qc1+ 37. Kf2 Qxb2+ 38. Kg3 Qb3+ 39. Kh4 a5 40. Qc7 a4 41. Bh7 a3 42. Qc1 Qb4 43. Qa1 Qe7+ 44. Kg4 Bc8+ 0-1

[Event "FIDE Olympiad Disabilties 2020"]
[Site "Online"]
[Date "2020.11.21"]
[Round "3.9"]
[White "Arstanbekov, Dzhanysh"]
[Black "Soltanov, Serik"]
[Result "1/2-1/2"]
[WhiteElo "1729"]
[BlackElo "2266"]
[Annotator "TA"]
[PlyCount "93"]
[EventDate "2020.11.21"]
[EventType "team-tourn"]
[EventCountry "NET"]
[SourceTitle "playchess.com"]
[Source "ChessBase"]
[SourceQuality "1"]
[WhiteTeam "Kyrgyzstan"]
[BlackTeam "Kazakhstan"]
[WhiteTeamCountry "KGZ"]
[BlackTeamCountry "KAZ"]

1. e4 Nf6 2. Nc3 d5 3. exd5 Nxd5 4. Nxd5 Qxd5 5. d4 Nc6 6. c3 Bf5 7. Nf3 e6 8. Be2 Be7 9. O-O O-O 10. Bf4 Qd7 11. Bb5 Bf6 12. Ne5 Bxe5 13. dxe5 Qd5 14. Qxd5 exd5 15. Bxc6 bxc6 16. e6 Bxe6 17. Bxc7 Rfe8 18. Bd6 Bd7 19. Rfe1 f6 20. f3 Kf7 21. Kf2 Bf5 22. Rxe8 Rxe8 23. Re1 Rxe1 24. Kxe1 Ke6 25. Bc5 a6 26. Kf2 Bb1 27. a3 g5 28. Ke3 Ba2 29. g3 Bb3 30. Ba7 Bd1 31. b4 h5 32. Bb8 Kf5 33. Bc7 Ke6 34. f4 Kf5 35. fxg5 fxg5 36. h4 gxh4 37. gxh4 Ke6 38. Kd4 Kd7 39. Bf4 Kc8 40. c4 dxc4 41. Kxc4 Kb7 42. Kc5 Bc2 43. Bg5 Bd1 44. Be7 Bc2 45. Bg5 Bd1 46. Be7 Bc2 47. Bg5 1/2-1/2

[Event "FIDE Olympiad Disabilties 2020"]
[Site "Online"]
[Date "2020.11.21"]
[Round "3.9"]
[White "Bolotov, Toktobek"]
[Black "Zhukovskaya, Nina"]
[Result "1-0"]
[WhiteElo "1448"]
[BlackElo "1475"]
[Annotator "NA"]
[PlyCount "85"]
[EventDate "2020.11.21"]
[EventType "team-tourn"]
[EventCountry "NET"]
[SourceTitle "playchess.com"]
[Source "ChessBase"]
[SourceQuality "1"]
[WhiteTeam "Kyrgyzstan"]
[BlackTeam "Kazakhstan"]
[WhiteTeamCountry "KGZ"]
[BlackTeamCountry "KAZ"]

1. d4 Nf6 2. c4 g6 3. Nc3 Bg7 4. e4 d6 5. Nf3 Nbd7 6. Be2 O-O 7. O-O a5 8. h3 e5 9. d5 Nc5 10. Qc2 Ne8 11. Bg5 f6 12. Be3 f5 13. Bxc5 dxc5 14. Rad1 fxe4 15. Nxe4 Bf5 16. Nfd2 Nd6 17. f3 b6 18. Bd3 Rb8 19. a4 Qd7 20. Ng5 c6 21. Bxf5 Rxf5 22. Ne6 cxd5 23. cxd5 Nb7 24. Ne4 Bh6 25. Qb3 Nd8 26. N6xc5 Qa7 27. Ne6 b5+ 28. Kh1 b4 29. Nd6 Rf6 30. Nb5 Qe7 31. Nbc7 Rb6 32. d6 Qxe6 33. Nxe6 Nxe6 34. d7 Rb8 35. Rd6 Kf8 36. Rxe6 Bg7 37. Rd1 Rd8 38. Rxf6+ Bxf6 39. Qe6 Be7 40. Qxe5 Kf7 41. Re1 Rxd7 42. Qe6+ Kf8 43. Qxd7 1-0

[Event "FIDE Olympiad Disabilties 2020"]
[Site "Online"]
[Date "2020.11.21"]
[Round "3.9"]
[White "Nuserova, Almash"]
[Black "Rakhatbekov, Tilegen"]
[Result "0-1"]
[WhiteElo "1245"]
[BlackElo "1399"]
[Annotator "NA"]
[PlyCount "68"]
[EventDate "2020.11.21"]
[EventType "team-tourn"]
[EventCountry "NET"]
[SourceTitle "playchess.com"]
[Source "ChessBase"]
[SourceQuality "1"]
[WhiteTeam "Kazakhstan"]
[BlackTeam "Kyrgyzstan"]
[WhiteTeamCountry "KAZ"]
[BlackTeamCountry "KGZ"]

1. c4 Nf6 2. Nc3 e6 3. Nf3 d5 4. d4 Bb4 5. Qa4+ Nc6 6. Bd2 O-O 7. a3 Bxc3 8. Bxc3 Ne4 9. c5 Bd7 10. Qc2 a5 11. Qc1 b6 12. e3 bxc5 13. Bd3 cxd4 14. Bxd4 Nxd4 15. Nxd4 c5 16. Nf3 f5 17. O-O c4 18. Bc2 Bb5 19. Rd1 Qc7 20. Nd4 Qb6 21. f3 Nc5 22. a4 Bd7 23. Qb1 Rfb8 24. b3 cxb3 25. Bd3 Bxa4 26. Qb2 Bd7 27. Ra3 a4 28. Kf2 Rc8 29. Ne2 Rab8 30. Nc3 Qb4 31. Ne2 Nxd3+ 32. Rxd3 Rc2 33. Rd4 Rxb2 34. Rxb4 Rxb4 0-1

[Event "FIDE Olympiad Disabilties 2020"]
[Site "Online"]
[Date "2020.11.21"]
[Round "3.10"]
[White "Redor, Menandro"]
[Black "Makwana, Ashvin K"]
[Result "1/2-1/2"]
[WhiteElo "2019"]
[BlackElo "1768"]
[Annotator "TA"]
[PlyCount "121"]
[EventDate "2020.11.21"]
[EventType "team-tourn"]
[EventCountry "NET"]
[SourceTitle "playchess.com"]
[Source "ChessBase"]
[SourceQuality "1"]
[WhiteTeam "Philippines"]
[BlackTeam "India"]
[WhiteTeamCountry "PHI"]
[BlackTeamCountry "IND"]

1. d4 Nf6 2. Bf4 e6 3. e3 c5 4. Nf3 d5 5. c3 Nc6 6. Nbd2 Bd6 7. Bg3 O-O 8. Bb5 Ne7 9. Bd3 b6 10. e4 Bxg3 11. hxg3 Bb7 12. e5 Ne4 13. Qc2 cxd4 14. Nxe4 dxe4 15. Bxe4 Bxe4 16. Qxe4 Ng6 17. O-O-O Qd5 18. Qxd5 exd5 19. Rxd4 Rad8 20. Rhd1 Rfe8 21. Rxd5 Rxd5 22. Rxd5 Kf8 23. a4 h6 24. a5 Ne7 25. Rb5 bxa5 26. Rxa5 Nc6 27. Rc5 Re6 28. Nd4 Nxd4 29. cxd4 f6 30. f4 fxe5 31. dxe5 Rg6 32. Rc8+ Ke7 33. Rc7+ Kf8 34. Rc3 h5 35. b4 h4 36. gxh4 Rxg2 37. Rc8+ Ke7 38. Rc7+ Ke6 39. Rxa7 Rg4 40. b5 Rxf4 41. Rxg7 Rxh4 42. Kc2 Kxe5 43. Kc3 Kd5 44. Rc7 Kd6 45. Rc6+ Kd7 46. Kb3 Rg4 47. Ka3 Rh4 48. Rc1 Rg4 49. Rc2 Rh4 50. Rc3 Rg4 51. b6 Rg6 52. Rb3 Kc8 53. Ka4 Kb7 54. Ka5 Rg5+ 55. Rb5 Rxb5+ 56. Kxb5 Kb8 57. Kc5 Kb7 58. Kb5 Kb8 59. Ka6 Ka8 60. Ka5 Kb7 61. Kb5 1/2-1/2

[Event "FIDE Olympiad Disabilties 2020"]
[Site "Online"]
[Date "2020.11.21"]
[Round "3.10"]
[White "Tellor, Max Dave"]
[Black "Krishna, Udupa"]
[Result "1-0"]
[WhiteElo "1771"]
[BlackElo "1733"]
[Annotator "NA"]
[PlyCount "67"]
[EventDate "2020.11.21"]
[EventType "team-tourn"]
[EventCountry "NET"]
[SourceTitle "playchess.com"]
[Source "ChessBase"]
[SourceQuality "1"]
[WhiteTeam "Philippines"]
[BlackTeam "India"]
[WhiteTeamCountry "PHI"]
[BlackTeamCountry "IND"]

1. Nf3 c5 2. d4 cxd4 3. Nxd4 Nc6 4. Nb3 e5 5. g3 Nf6 6. Bg2 d5 7. c4 Bb4+ 8. Bd2 Bxd2+ 9. N1xd2 d4 10. O-O O-O 11. Rc1 Bd7 12. Nc5 Qb6 13. Nxd7 Nxd7 14. b4 a5 15. b5 Nc5 16. bxc6 bxc6 17. Rb1 Qc7 18. Ne4 Ne6 19. Qd2 f5 20. Ng5 Nc5 21. Rb2 h6 22. Nh3 a4 23. Rfb1 Rad8 24. Rb6 e4 25. Qf4 Rd6 26. Qd2 d3 27. exd3 Rxd3 28. Qf4 Qd7 29. Bf1 Rd2 30. Qe5 Nd3 31. Bxd3 Rxd3 32. Rb7 Rd1+ 33. Kg2 Re8 34. Rxd7 1-0

[Event "FIDE Olympiad Disabilties 2020"]
[Site "Online"]
[Date "2020.11.21"]
[Round "3.10"]
[White "Watpade Vivek"]
[Black "Angot, Cheryl A."]
[Result "1-0"]
[WhiteElo "1344"]
[BlackElo "1315"]
[Annotator "NA"]
[PlyCount "79"]
[EventDate "2020.11.21"]
[EventType "team-tourn"]
[EventCountry "NET"]
[SourceTitle "playchess.com"]
[Source "ChessBase"]
[SourceQuality "1"]
[WhiteTeam "India"]
[BlackTeam "Philippines"]
[WhiteTeamCountry "IND"]
[BlackTeamCountry "PHI"]

1. e4 e5 2. Nf3 Nc6 3. Bc4 Nf6 4. d3 Bc5 5. c3 h6 6. b4 Bd6 7. O-O O-O 8. Re1 a6 9. a4 Kh8 10. Ba2 Nh7 11. Nbd2 Ne7 12. Nc4 Ng6 13. a5 Qe7 14. d4 f6 15. h4 Re8 16. h5 Ngf8 17. Nh4 Ng5 18. Nf5 Qd8 19. Nfxd6 cxd6 20. Nxd6 Re7 21. dxe5 fxe5 22. Bxg5 hxg5 23. Nf7+ Rxf7 24. Bxf7 Qf6 25. Qd5 g4 26. Rad1 Nh7 27. Bg6 Ng5 28. Qd6 Ne6 29. Rd5 g3 30. fxg3 b5 31. Rf1 Qd8 32. Qxe6 Bb7 33. Rxd7 Qb8 34. Qf7 Qg8 35. Qxg8+ Kxg8 36. Rxb7 Rc8 37. Rff7 Rd8 38. Rxg7+ Kf8 39. Rbf7+ Ke8 40. Rg8# 1-0

[Event "FIDE Olympiad Disabilties 2020"]
[Site "Online"]
[Date "2020.11.21"]
[Round "3.10"]
[White "Megha Chakraborty"]
[Black "Aguilera, Felix"]
[Result "1/2-1/2"]
[WhiteElo "1232"]
[BlackElo "1785"]
[Annotator "NA"]
[PlyCount "71"]
[EventDate "2020.11.21"]
[EventType "team-tourn"]
[EventCountry "NET"]
[SourceTitle "playchess.com"]
[Source "ChessBase"]
[SourceQuality "1"]
[WhiteTeam "India"]
[BlackTeam "Philippines"]
[WhiteTeamCountry "IND"]
[BlackTeamCountry "PHI"]

1. e4 e6 2. d4 d5 3. exd5 exd5 4. Nf3 Nf6 5. Bd3 Bd6 6. O-O O-O 7. Bg5 Bg4 8. Nbd2 Nbd7 9. c3 c6 10. Qc2 Bh5 11. Bxh7+ Kh8 12. Bd3 Qc7 13. Rfe1 Rfe8 14. h3 Bxf3 15. Nxf3 Bf4 16. Bxf4 Qxf4 17. Qc1 Qxc1 18. Raxc1 g6 19. Ne5 Nxe5 20. Rxe5 Rxe5 21. dxe5 Nd7 22. f4 Kg7 23. Kf2 Re8 24. b4 b5 25. a3 Nb6 26. g4 Re7 27. Kf3 Re8 28. Rc2 Re7 29. g5 Re8 30. Kg4 Ra8 31. Ra2 a5 32. Kf3 Na4 33. Rc2 Nb6 34. Ra2 Na4 35. Rc2 Nb6 36. Ra2 1/2-1/2

[Event "FIDE Olympiad Disabilties 2020"]
[Site "Online"]
[Date "2020.11.21"]
[Round "3.11"]
[White "Mesa, Francisco Alonso Jr."]
[Black "Altinok, Selim Eyup"]
[Result "1-0"]
[WhiteElo "1837"]
[BlackElo "1536"]
[Annotator "NA"]
[PlyCount "97"]
[EventDate "2020.11.21"]
[EventType "team-tourn"]
[EventCountry "NET"]
[SourceTitle "playchess.com"]
[Source "ChessBase"]
[SourceQuality "1"]
[WhiteTeam "Colombia"]
[BlackTeam "Turkey"]
[WhiteTeamCountry "COL"]
[BlackTeamCountry "TUR"]

1. Nf3 Nf6 2. b3 g6 3. Bb2 Bg7 4. e3 O-O 5. Be2 d6 6. O-O e5 7. c4 Nc6 8. Nc3 Re8 9. a3 a5 10. Qc2 Bf5 11. d3 d5 12. Nxd5 Nxd5 13. cxd5 Nb8 14. e4 Bg4 15. h3 Bxf3 16. Bxf3 Nd7 17. Bc3 Nc5 18. Bd2 b6 19. b4 axb4 20. axb4 Nd7 21. Rxa8 Qxa8 22. Qxc7 Rd8 23. Bg4 Nf6 24. Qxb6 Nxg4 25. hxg4 Rc8 26. Qa5 Qb7 27. Ra1 Bf8 28. Qa6 Qb8 29. Be3 Rc2 30. b5 Rb2 31. b6 Kg7 32. Qc4 Bd6 33. Qc3 Rb5 34. Qc6 Rb3 35. Ra8 Rb1+ 36. Kh2 Qxa8 37. Qxa8 Kf6 38. Qc6 Ke7 39. Bg5+ f6 40. Bxf6+ Kxf6 41. Qxd6+ Kf7 42. Qc7+ Kf6 43. b7 h5 44. b8=Q Rxb8 45. Qxb8 hxg4 46. Qf8+ Kg5 47. Kg3 Kh5 48. Qh8+ Kg5 49. Qh4# 1-0

[Event "FIDE Olympiad Disabilties 2020"]
[Site "Online"]
[Date "2020.11.21"]
[Round "3.11"]
[White "Koksal, Recep"]
[Black "Molina, Gildardo"]
[Result "0-1"]
[WhiteElo "1711"]
[BlackElo "1998"]
[Annotator "TA"]
[PlyCount "40"]
[EventDate "2020.11.21"]
[EventType "team-tourn"]
[EventCountry "NET"]
[SourceTitle "playchess.com"]
[Source "ChessBase"]
[SourceQuality "1"]
[WhiteTeam "Turkey"]
[BlackTeam "Colombia"]
[WhiteTeamCountry "TUR"]
[BlackTeamCountry "COL"]

1. d4 d5 2. c4 e5 3. dxe5 d4 4. Nf3 Nc6 5. a3 a5 6. Bf4 Nge7 7. e3 Ng6 8. Bd3 Bg4 9. O-O Bxf3 10. Qxf3 dxe3 11. Bxg6 exf2+ 12. Qxf2 hxg6 13. Nc3 Qd4 14. Be3 Qxc4 15. e6 Qxe6 16. Bg5 Bd6 17. Rae1 Bxh2+ 18. Kh1 Bg3+ 19. Kg1 Bxf2+ 20. Kxf2 Ne5 0-1

[Event "FIDE Olympiad Disabilties 2020"]
[Site "Online"]
[Date "2020.11.21"]
[Round "3.11"]
[White "Molina Valdes, Luisa Fernanda"]
[Black "Solak, Yusuf"]
[Result "1-0"]
[WhiteElo "1651"]
[BlackElo "1531"]
[Annotator "NA"]
[PlyCount "125"]
[EventDate "2020.11.21"]
[EventType "team-tourn"]
[EventCountry "NET"]
[SourceTitle "playchess.com"]
[Source "ChessBase"]
[SourceQuality "1"]
[WhiteTeam "Colombia"]
[BlackTeam "Turkey"]
[WhiteTeamCountry "COL"]
[BlackTeamCountry "TUR"]

1. e4 e5 2. Nf3 Nc6 3. Bb5 a6 4. Bxc6 dxc6 5. d4 exd4 6. Qxd4 Qxd4 7. Nxd4 c5 8. Ne2 Nf6 9. Nbc3 c4 10. Bf4 c6 11. O-O-O Be6 12. Nd4 Bd7 13. Na4 c5 14. Nb6 Rd8 15. Nf5 g6 16. Nd6+ Bxd6 17. Bxd6 Ng4 18. Bxc5 Bc6 19. Rxd8+ Kxd8 20. f3 Nf6 21. Nxc4 h5 22. Rd1+ Nd7 23. Nd6 Rh7 24. Be3 Kc7 25. Bf4 Kb6 26. Nc8+ Kb5 27. Na7+ Kb6 28. Nxc6 Kxc6 29. Rd6+ Kc7 30. Rxg6+ Kd8 31. Rg8+ Ke7 32. e5 Ke6 33. Re8+ Kf5 34. g3 h4 35. Re7 hxg3 36. hxg3 Nc5 37. Be3 Ne6 38. g4+ Kxe5 39. Rxb7 Kd5 40. g5 Nc5 41. Bxc5 Kxc5 42. Kd2 Kc6 43. Re7 Kd6 44. Ra7 Ke5 45. Rxa6 Kf4 46. g6 fxg6 47. Rxg6 Kxf3 48. Re6 Rd7+ 49. Kc3 Rc7+ 50. Kd2 Rd7+ 51. Kc1 Rh7 52. b3 Kf4 53. a4 Kf5 54. Re8 Rc7 55. a5 Rh7 56. b4 Rh4 57. c3 Rh2 58. a6 Ra2 59. b5 Ra5 60. c4 Ra4 61. Kb2 Rxc4 62. a7 Rb4+ 63. Kc3 1-0

[Event "FIDE Olympiad Disabilties 2020"]
[Site "Online"]
[Date "2020.11.21"]
[Round "3.12"]
[White "Morales Romero, Pedro"]
[Black "Guibert, Jeremy"]
[Result "1-0"]
[WhiteElo "2332"]
[BlackElo "1861"]
[Annotator "TA"]
[PlyCount "63"]
[EventDate "2020.11.21"]
[EventType "team-tourn"]
[EventCountry "NET"]
[SourceTitle "playchess.com"]
[Source "ChessBase"]
[SourceQuality "1"]
[WhiteTeam "Cuba"]
[BlackTeam "France"]
[WhiteTeamCountry "CUB"]
[BlackTeamCountry "FRA"]

1. e4 c5 2. Nf3 Nc6 3. Bb5 g6 4. O-O Bg7 5. c3 e5 6. d4 cxd4 7. cxd4 exd4 8. Bf4 Qb6 9. Na3 Na5 10. b4 Nc6 11. Nc4 Qd8 12. Nd6+ Kf8 13. Qb3 Qf6 14. e5 Qe7 15. Bc4 Nd8 16. Rac1 Bh6 17. Bg3 Bxc1 18. Rxc1 h6 19. Bd5 Nc6 20. b5 Rh7 21. Bh4 g5 22. Bg3 h5 23. h4 Rg7 24. hxg5 a6 25. a4 axb5 26. axb5 Rb8 27. Nf5 Qe8 28. bxc6 dxc6 29. Qa3+ Ne7 30. e6 Bxe6 31. Nxe7 Qxe7 32. Bd6 1-0

[Event "FIDE Olympiad Disabilties 2020"]
[Site "Online"]
[Date "2020.11.21"]
[Round "3.12"]
[White "Vasquez, Georges"]
[Black "Lavigne Lopez, Raul Leonardo"]
[Result "0-1"]
[WhiteElo "1871"]
[BlackElo "2229"]
[Annotator "TA"]
[PlyCount "34"]
[EventDate "2020.11.21"]
[EventType "team-tourn"]
[EventCountry "NET"]
[SourceTitle "playchess.com"]
[Source "ChessBase"]
[SourceQuality "1"]
[WhiteTeam "France"]
[BlackTeam "Cuba"]
[WhiteTeamCountry "FRA"]
[BlackTeamCountry "CUB"]

1. d4 d5 2. Bf4 Nf6 3. e3 e6 4. Nf3 c5 5. c3 Nc6 6. Nbd2 Bd6 7. Bxd6 Qxd6 8. Bb5 O-O 9. O-O a6 10. Bxc6 bxc6 11. Qc2 a5 12. Rfe1 Ba6 13. Ne5 Rfc8 14. Nb3 cxd4 15. exd4 a4 16. Nc5 Bb5 17. Qe2 Bxe2 0-1

[Event "FIDE Olympiad Disabilties 2020"]
[Site "Online"]
[Date "2020.11.21"]
[Round "3.12"]
[White "Batista Rivera, Idalis"]
[Black "Moulin, Marie"]
[Result "1-0"]
[WhiteElo "1811"]
[BlackElo "1579"]
[Annotator "NA"]
[PlyCount "58"]
[EventDate "2020.11.21"]
[EventType "team-tourn"]
[EventCountry "NET"]
[SourceTitle "playchess.com"]
[Source "ChessBase"]
[SourceQuality "1"]
[WhiteTeam "Cuba"]
[BlackTeam "France"]
[WhiteTeamCountry "CUB"]
[BlackTeamCountry "FRA"]

1. e4 d5 2. exd5 Nf6 3. Nc3 Nxd5 4. Nxd5 Qxd5 5. Nf3 Bg4 6. Be2 Nc6 7. O-O O-O-O 8. c3 e6 9. d4 Qh5 10. Bf4 e5 11. h3 exf4 12. hxg4 Qxg4 13. Ne5 Qe6 14. Nxc6 Qxc6 15. Qb3 Qe6 16. Bc4 Qh6 17. Bxf7 Rd6 18. Rfe1 Rd8 19. Be6+ Kb8 20. Bd5 Qb6 21. Qc4 g5 22. Re5 h6 23. Rae1 Bd6 24. R5e2 h5 25. Bg8 g4 26. Re8 c6 27. Qf7 a6 28. Rxd8+ Qxd8 29. Re8 Rxg8 1-0

[Event "FIDE Olympiad Disabilties 2020"]
[Site "Online"]
[Date "2020.11.21"]
[Round "3.12"]
[White "Dumont, Frederic"]
[Black "Interian Rodriguez, Alberto D."]
[Result "0-1"]
[WhiteElo "1366"]
[BlackElo "2119"]
[Annotator "TA"]
[PlyCount "138"]
[EventDate "2020.11.21"]
[EventType "team-tourn"]
[EventCountry "NET"]
[SourceTitle "playchess.com"]
[Source "ChessBase"]
[SourceQuality "1"]
[WhiteTeam "France"]
[BlackTeam "Cuba"]
[WhiteTeamCountry "FRA"]
[BlackTeamCountry "CUB"]

1. e4 c5 2. Nf3 d6 3. c3 Nf6 4. Qc2 Qc7 5. d4 cxd4 6. Nxd4 a6 7. Bg5 Nc6 8. Bxf6 gxf6 9. Nxc6 Qxc6 10. Bd3 Bg7 11. Nd2 Bd7 12. Nf3 O-O-O 13. Nd4 Qb6 14. O-O-O e6 15. f4 Qa5 16. Kb1 Ba4 17. Nb3 Qb6 18. Bc4 Kb8 19. Qe2 Qc7 20. g3 Rhe8 21. Bd3 Qb6 22. Bc2 h6 23. Qg4 Rg8 24. Qh5 Rd7 25. Rd3 Rgd8 26. Rhd1 Bb5 27. R3d2 Bc4 28. Nc1 f5 29. e5 Bd5 30. Bb3 Be4+ 31. Ka1 Qe3 32. Re2 Bf3 33. Rxe3 Bxh5 34. Rxd6 Rxd6 35. exd6 Rxd6 36. Nd3 Kc7 37. a3 b6 38. Ka2 a5 39. Ba4 Kd8 40. Kb1 Bg4 41. Kc2 h5 42. Kc1 h4 43. Kc2 Bf6 44. Kc1 Ke7 45. Kc2 hxg3 46. hxg3 Rd8 47. Kc1 Rh8 48. Nf2 Bh5 49. Nd3 Bg4 50. Nf2 Bh5 51. Rd3 Rg8 52. Re3 Kd6 53. Kc2 e5 54. Rd3+ Ke7 55. Re3 e4 56. Kc1 Bf3 57. Bd1 Rxg3 58. Bxf3 Rxf3 59. Rxf3 exf3 60. Nd3 Kd6 61. Kc2 Bh4 62. c4 f2 63. Nxf2 Bxf2 64. Kd3 a4 65. Ke2 Bd4 66. Kd1 Bxb2 67. Kc2 Bxa3 68. Kb1 Kc5 69. Kc2 Kxc4 0-1

[Event "FIDE Olympiad Disabilties 2020"]
[Site "Online"]
[Date "2020.11.21"]
[Round "3.13"]
[White "Amato, Leonel"]
[Black "Garzon Zapatanga, Christopher Leonel"]
[Result "1-0"]
[WhiteElo "2100"]
[BlackElo "1697"]
[Annotator "TA"]
[PlyCount "49"]
[EventDate "2020.11.21"]
[EventType "team-tourn"]
[EventCountry "NET"]
[SourceTitle "playchess.com"]
[Source "ChessBase"]
[SourceQuality "1"]
[WhiteTeam "Argentina"]
[BlackTeam "Ecuador"]
[WhiteTeamCountry "ARG"]
[BlackTeamCountry "ECU"]

1. e4 c5 2. Nf3 Nc6 3. d3 g6 4. g3 Bg7 5. Bg2 e6 6. O-O Nge7 7. c3 O-O 8. Qe2 d5 9. e5 Qc7 10. Re1 b6 11. Nbd2 Ba6 12. Nf1 Rad8 13. Bf4 d4 14. c4 b5 15. b3 Nb4 16. h4 bxc4 17. bxc4 Qa5 18. a3 Nbc6 19. N1h2 Rb8 20. Ng4 Kh8 21. h5 gxh5 22. Nf6 Ng6 23. Ng5 Bxf6 24. exf6 Nxf4 25. gxf4 1-0

[Event "FIDE Olympiad Disabilties 2020"]
[Site "Online"]
[Date "2020.11.21"]
[Round "3.13"]
[White "Jacome, Esteban"]
[Black "Cayo, Ana Carolina"]
[Result "1-0"]
[WhiteElo "1549"]
[BlackElo "1214"]
[Annotator "NA"]
[PlyCount "55"]
[EventDate "2020.11.21"]
[EventType "team-tourn"]
[EventCountry "NET"]
[SourceTitle "playchess.com"]
[Source "ChessBase"]
[SourceQuality "1"]
[WhiteTeam "Ecuador"]
[BlackTeam "Argentina"]
[WhiteTeamCountry "ECU"]
[BlackTeamCountry "ARG"]

1. e4 c6 2. c4 d5 3. cxd5 cxd5 4. exd5 Qxd5 5. Nc3 Qd8 6. Bc4 Nf6 7. Nf3 Nc6 8. h3 Bf5 9. O-O e6 10. d4 Nb4 11. Bb5+ Nc6 12. Ne5 Rc8 13. Qf3 Be7 14. Nxc6 bxc6 15. Bxc6+ Nd7 16. Re1 O-O 17. d5 Nf6 18. dxe6 Bxe6 19. Be3 Rc7 20. Rad1 Qc8 21. Ba4 Rd8 22. Bf4 Rxd1 23. Rxd1 Rb7 24. Qe2 h6 25. Bd6 Bxd6 26. Rxd6 Nd7 27. Bb5 a6 28. Bxa6 1-0